[Event "Korolev-ch"]
[Site "Korolev"]
[Date "1999.??.??"]
[Round "7"]
[White "Kirov, Alexandr"]
[Black "Zamanov, Ansar M"]
[Result "0-1"]
[WhiteElo "2255"]
[BlackElo "2436"]
[PlyCount "74"]
[EventDate "1999.??.??"]
[EventType "swiss"]
[EventRounds "9"]
[EventCountry "RUS"]
[SourceTitle "EXT 2006"]
[Source "ChessBase"]
[SourceDate "2005.11.24"]
[SourceVersion "1"]
[SourceVersionDate "2005.11.24"]
[SourceQuality "1"]

1. d4 d5 2. c4 c6 3. e3 Nf6 4. Nc3 a6 5. a3 b5 6. cxd5 cxd5 7. Nf3 Bg4 8. Be2 e6 9. Ne5 Bxe2 10. Qxe2 Qb6 11. 0-0 Bd6 12. Nd3 Nc6 13. Bd2 Na5 14. b4 Nc4 15. Nc5 0-0 16. Rfd1 Qc7 17. h3 Qc6 18. Be1 Rfd8 19. f4 a5 20. Bf2 Bxc5 21. dxc5 Rd7 22. e4 dxe4 23. Rxd7 Qxd7 24. Nxe4 Nd5 25. Rd1 axb4 26. axb4 Qc6 27. Be1 f5 28. Nd6 Nxf4 29. Qf2 Ne3 30. Rd2 Nexg2 31. Kh2 Ra3 32. Nxf5 exf5 33. Rd8+ Kf7 34. Qd2 Rxh3+ 35. Kg1 Rh1+ 36. Kf2 Nh3+ 37. Kg3 Qg6+ 0-1